Diseño de una planta comercial para sueros antiofídicos

Kaydedildi:
Detaylı Bibliyografya
Yazar: Salomón Ramírez, Jorge Alberto
Materyal Türü: Kitap
Baskı/Yayın Bilgisi: [San José , Costa Rica] 1983
Etiketler: Etiketle
Etiket eklenmemiş, İlk siz ekleyin!

MARC

LEADER 00000nam a2200000Ia 4500
003 002098
005 20221231144420.0
008 140114s1983 cr a m 000 ||s d
040 |c cru CEDI 
090 |a TFG 1292 
100 |a Salomón Ramírez, Jorge Alberto  |9 15329 
245 |a Diseño de una planta comercial para sueros antiofídicos 
260 |c 1983  |a [San José , Costa Rica] 
300 |a 106 hoja :ilustraciones  
500 |a Proyecto de graduación(licenciatura en ingeniería química)--Universidad de Costa Rica. Facultad de Ingeniería. Escuela de Ingeniería Química 
942 |c TFG 
999 |c 21541  |d 21541